Ley sobre relaciones familiares (Record no. 5899)

MARC details
000 -CABECERA
campo de control de longitud fija 00654nam a2200193 a 4500
001 - NÚMERO DE CONTROL
campo de control BRCA_6212
005 - FECHA Y HORA DE LA ÚLTIMA TRANSACCIÓN
campo de control 20190320205354.0
008 - DATOS DE LONGITUD FIJA--INFORMACIÓN GENERAL
campo de control de longitud fija 180711s1923----mx-#######---#000-0#spa-#
050 #4 - SIGNATURA TOPOGRÁFICA DE LA BIBLIOTECA DEL CONGRESO
Número de clasificación KB329
Número de documento/Ítem .M4 1923
245 10 - MENCIÓN DE TÍTULO
Título Ley sobre relaciones familiares
Resto del título comentada y concordada con el Código Civil vigente en el Distrito Federal, y leyes extranjeras,
Mención de responsabilidad, etc. por el Lic. Eduardo Pallares.
250 ## - MENCIÓN DE EDICIÓN
Mención de edición 2
260 ## - PUBLICACIÓN, DISTRIBUCIÓN, ETC.
Lugar de publicación, distribución, etc. México
Nombre del editor, distribuidor, etc. Librería de la Vda. de Ch. Bouret
Fecha de publicación, distribución, etc. 1923
300 ## - DESCRIPCIÓN FÍSICA
Extensión 198 p.
Dimensiones 20 cm.
500 ## - NOTA GENERAL
Nota general K71
650 14 - PUNTO DE ACCESO ADICIONAL DE MATERIA--TÉRMINO DE MATERIA
Término de materia o nombre geográfico como elemento de entrada Derecho civil
Término indicativo de función/relación relaciones familiares
Subdivisión cronológica México
9 (RLIN) 15619
700 1# - PUNTO DE ACCESO ADICIONAL--NOMBRE DE PERSONA
Nombre de persona Pallares, Eduardo
9 (RLIN) 15620
902 ## - CATALOGADOR
Iniciales GFM
942 ## - ELEMENTOS DE PUNTO DE ACCESO ADICIONAL (KOHA)
Fuente del sistema de clasificación o colocación Library of Congress Classification
Tipo de ítem Koha Libros
Holdings
Estado de retiro Estado de pérdida Estado dañado No para préstamo Localización permanente Ubicación/localización actual Fecha de adquisición Número de inventario Total de préstamos Signatura topográfica completa Código de barras Fecha visto por última vez Precio válido a partir de Tipo de ítem Koha
El ejemplar forma parte de la colección y puede ser consultado según las políticas vigentes.       Biblioteca del Museo Franz Mayer (Rogerio Casas-Alatriste) Biblioteca del Museo Franz Mayer (Rogerio Casas-Alatriste) 18/07/2011 K71   KB329 .M4 1923 (K71) 6651 22/03/2019 22/03/2019 Libros